Statistics for Taylor Swift - End Game Lyrics

Click here to take the quiz!

General Stats

  • This quiz has been taken 301 times
    (228 since last reset)
  • The average score is 600 of 688

Answer Stats

Answer% Correct
I
100%
(I
100%
when
100%
be)
99%
be
99%
(End
99%
end
99%
first
99%
(First
99%
game
99%
game)
99%
reputation
99%
Reputation
99%
wanna
99%
yo
99%
(You
99%
You
99%
you
99%
you)
99%
your
99%
(A
98%
A
98%
a
98%
and
98%
And
98%
Big
98%
big
98%
go
98%
me
98%
me)
98%
Oh
97%
we
97%
We
97%
got
96%
Team)
95%
Team
95%
about
94%
heard
94%
So
94%
so
94%
The
94%
the
94%
Like
93%
like
93%
on
93%
some
93%
do
92%
don't
92%
don’t
92%
to
91%
conversation
90%
it
89%
love
89%
all
88%
bad
88%
one
88%
Ah
87%
enemies
87%
my
87%
ones
87%
over
87%
reputations
87%
too
87%
girl
86%
Just
85%
just
85%
see)
85%
I'm
84%
string
84%
string)
84%
they
84%
but
82%
But
82%
girls
82%
know
82%
other
82%
With
82%
with
82%
another
81%
say)
81%
say
81%
what
81%
ex
80%
play
80%
Drinking
79%
for
79%
For
79%
hurt
79%
of
79%
dope
78%
is
78%
in
77%
miss
77%
was
77%
where
77%
overdose
76%
touch
76%
beach
75%
need
75%
that
75%
truth
75%
would
75%
young
75%
ain't
73%
both
73%
Both
73%
it’s
73%
It's
73%
it's
73%
life
72%
tryna
72%
'cause
71%
her
71%
precede
71%
were
71%
rumors
70%
type
70%
we'd
70%
call
69%
most
68%
bang
67%
can't
67%
drama
67%
loves
67%
protect
67%
Side
67%
July
66%
believe
65%
knee
65%
older
65%
precedes
65%
swear
65%
are
64%
deep
64%
down
64%
shoulders
64%
that's
64%
insecurities
63%
I've
63%
let
63%
paranoia
63%
hit
62%
something
62%
away
61%
bit
61%
born
61%
chips
61%
issues
61%
lips
61%
long
61%
yeah
61%
beautiful
60%
boy
60%
crazy
60%
easier
60%
forget
60%
four
60%
good
60%
ignore
60%
little
60%
persona
60%
sprung
60%
stoked
60%
tip
60%
told
60%
tried
60%
understand
60%
way
60%
whenever
60%
couldn't
59%
not
59%
up
59%
4th
58%
boat
58%
flaws
58%
from
58%
hard
58%
I'll
58%
red
58%
After
57%
put
57%
storm
57%
tongue
57%
argue
56%
body
56%
'em
56%
Even
56%
eyes
56%
here's
56%
hold
56%
made
56%
mistakes
56%
song
56%
soul
56%
toast
56%
words
56%
deny
55%
handprints
55%
never
55%
tricks
55%
Knew
54%
usual
54%
gold
53%
You've
53%
been
52%
bluff
52%
bury
52%
choices
52%
ease
52%
maps
52%
reconnected
52%
callin'
51%
whippin'
51%
G5
49%
keep
49%
this
49%
traits
49%
come
48%
hatchets
46%
days
44%
Ghost
44%
liquor
40%
passed
40%
fun
37%
without
31%
Hey
27%

Score Distribution

Percentile by Number Answered

Percent of People with Each Score

Your Score History

You have not taken this quiz since the last reset